000 00721nam a2200217 i 4500
001 34702
003 ES-MaACL
005 20250822033448.0
007 t|
008 030207s1957 sp |||| | spa d
100 1 _aBless, H.
_929478
245 1 0 _aPastoral psiquiátrica
_b: psicopatología, moral terapéutica. /
_cH. Bless ; traducida por P.M. y A.A. de L.
250 _a3ª ed. española ref. y aum.
260 _aMadrid :
_bRazón y Fe,
_c1957 (
_fJura)
300 _a445 p. ;
_c20 cm.
490 1 _aPsicología, medicina, pastoral ;
_v15
650 0 7 _aPsicología pastoral
_2embne
_916570
830 1 _aPsicología, medicina, pastoral ;
_v15
_9180800
852 _aES-MaACL
_jC-14079
999 _c34702
_d34702